| 000 | 00779nam a22002057a 4500 | ||
|---|---|---|---|
| 003 | OSt | ||
| 005 | 20240527132305.0 | ||
| 008 | 240523b ||||| |||| 00| 0 eng d | ||
| 040 | _cAIMIT LIBRARY | ||
| 100 |
_aCarvalho, Kenneth. _e2016066 _9167139 |
||
| 245 |
_aInfluence of psychological safety cultural intelligence and organisational identification on innovative work behaviour and employee happiness / _cBy Kenneth Carvalho ; Guided by Justin James. |
||
| 260 |
_aTirunelveli ; _c2022. |
||
| 650 |
_aIndustry profile company _9167911 |
||
| 650 |
_aLiterature review/ mapping _9167912 |
||
| 650 |
_aResearch methodology _9167913 |
||
| 650 |
_aData analysis and interpretation _9167914 |
||
| 700 |
_aJames, Justin. _9167140 _eGuide |
||
| 856 | _3Ifortis | ||
| 942 |
_2ddc _cPRO |
||
| 999 |
_c230902 _d230902 |
||